000 00352 a2200169 4500
001 186883
020 _a85-08-04156-X
040 _cMagnum
100 _aLear, Edward
240 1 0 _aSem cabeça nem pé
_lpor
245 1 0 _aSem cabeça nem pé
300 _a38
362 0 _a1996
440 1 _aÁtica
697 _aLITERATURA INFANTO
942 _cBK
999 _c186883
_d186883